000 00396cam a2200169 4500
001 D12575
008 090401t1940 xxu||||| |||| 00| 0 eng d
035 _a(Sirsi) u4338
041 _aeng
100 _aDavey, Reginald
245 _aCompensation under the Defence Acts
260 _aLondon
_bEstates Gazette
_c1940
350 _a0
520 _aShelf 178
942 _n0
948 _c04/03/1997
999 _c86016
_d86016